Ellis v Lambeth LBC (Record no. 70424)

MARC details
000 -LEADER
fixed length control field 01323cam a2200217 4500
008 - FIXED-LENGTH DATA ELEMENTS--GENERAL INFORMATION
fixed length control field 020606n2002 000 0 eng u
035 ## - SYSTEM CONTROL NUMBER
System control number (Sirsi) u118293
245 ## - TITLE STATEMENT
Title Ellis v Lambeth LBC
260 ## - PUBLICATION, DISTRIBUTION, ETC.
Date of publication, distribution, etc. 2002
490 ## - SERIES STATEMENT
Series statement Rating and Valuation Reporter
Volume/sequential designation [2002] RVR 94-96(3)
520 ## - SUMMARY, ETC.
Summary, etc. CA 9 July 1999. Appeal by respondent (L) from earlier judgement that claimant (E) had acquired title to and was entitled to be registered as the proprietor of a squatted in Lambeth property which L had been trying to sell since 1993. E issued proceedings in 1997 to seek a declaration that he had become owner by adverse possession since 1983. L had sent two community charge registration forms to the property but neither form was completed. L contended that the non-completion of the forms was a representation of silence that the property was unoccupied and that E was estopped from asserting adverse possession. "Held" appeal dismissed as L had failed to show that its detriment was material and the immateriality negated any estoppel.
650 ## - SUBJECT ADDED ENTRY--TOPICAL TERM
Topical term or geographic name entry element ELLIS V LAMBETH LBC
650 ## - SUBJECT ADDED ENTRY--TOPICAL TERM
Topical term or geographic name entry element ESTOPPEL
650 ## - SUBJECT ADDED ENTRY--TOPICAL TERM
Topical term or geographic name entry element REPRESENTATION BY SILENCE
650 ## - SUBJECT ADDED ENTRY--TOPICAL TERM
Topical term or geographic name entry element COMMUNITY CHARGE FORM
650 ## - SUBJECT ADDED ENTRY--TOPICAL TERM
Topical term or geographic name entry element LIMITATION ACT 1990
650 ## - SUBJECT ADDED ENTRY--TOPICAL TERM
Topical term or geographic name entry element SQUATTERS
650 ## - SUBJECT ADDED ENTRY--TOPICAL TERM
Topical term or geographic name entry element MATERIAL DETRIMENT
690 ## - LOCAL SUBJECT ADDED ENTRY--TOPICAL TERM (OCLC, RLIN)
Topical term or geographic name as entry element PROPERTY AND LAND LAW-CASE LAW
942 ## - ADDED ENTRY ELEMENTS (KOHA)
Suppress in OPAC 0
Holdings
Withdrawn status Lost status Source of classification or shelving scheme Damaged status Not for loan Home library Current library Shelving location Date acquired Total Checkouts Barcode Date last seen Copy number Price effective from Koha item type
    Dewey Decimal Classification     London London Journal article 06/06/2002   118293-1001 06/08/2019 1 06/08/2019 Law report